Cultura política en torno a los gobiernos locales y la descentralización en Nicaragua /

Guardado en:
Bibliografiske detaljer
Hovedforfatter: Ortega Hegg, Manuel
Andre forfattere: Castillo Venerio, Marcelina
Format: Texto
Udgivet: San Salvador: FLACSO. Programa El Salvador
Fag:
Tags: Tilføj Tag
Ingen Tags, Vær først til at tagge denne postø!

MARC

LEADER 00000 a a2200000 04500
001 27470
003
040
090 |a 183505  
100 |a Ortega Hegg, Manuel  
245 |a Cultura política en torno a los gobiernos locales y la descentralización en Nicaragua /  |c Manuel Ortega Hegg 
260 |a San Salvador:   |b FLACSO. Programa El Salvador  
300 |a 265 p   |b **no definido**   |b fonodiscos   |b **no definido**  
650 |a GOBIERNO LOCAL  
650 |a DESCENTRALIZACION  
650 |a CULTURA POLITICA  
650 |a PARTICIPACION POLITICA  
650 |a GOBIERNO LOCAL  
650 |a INFORMACION  
650 |a OPINION  
650 |a EFICIENCIA  
650 |a IMPUESTOS  
650 |a SERVICIOS PUBLICOS  
650 |a GOBIERNO CENTRAL  
650 |a PARTICIPACION POLITICA  
650 |a DESCENTRALIZACION  
650 |a POLITICOS  
700 |a Castillo Venerio, Marcelina  
999 |c 13492  |d 13492